A Whiter Shade of Pale lyrics (Procol Harum) - Statistics

General Stats
  • This quiz has been taken 7 times
  • The average score is 71 of 158
Answer Stats
Lyrics % Correct
of
100%
pale
100%
shade
100%
whiter
100%
a
83%
Who
83%
And
67%
As
67%
as
67%
be
67%
I
67%
is
67%
it
67%
just
67%
no
67%
the
67%
The
67%
"There
67%
to
67%
We
67%
we
67%
When
67%
fandango
50%
her
50%
his
50%
see"
50%
She
50%
so
50%
that
50%
That
50%
Turned
50%
was
50%
were
50%
at
33%
been
33%
cards
33%
coast
33%
face,
33%
for
33%
ghostly
33%
have
33%
later
33%
leaving
33%
light
33%
my
33%
One
33%
playing
33%
said,
33%
skipped
33%
tale
33%
They
33%
vestal
33%
virgins
33%
would
33%
although
17%
another
17%
away
17%
brought
17%
called
17%
cartwheels
17%
ceiling
17%
closed
17%
'cross
17%
crowd
17%
drink
17%
eyes
17%
feeling
17%
first
17%
flew
17%
floor
17%
harder
17%
humming
17%
kind
17%
let
17%
might
17%
miller
17%
more
17%
not
17%
open
17%
out
17%
plain
17%
reason
17%
room
17%
seasick
17%
sixteen
17%
through
17%
told
17%
tray
17%
truth
17%
waiter
17%
wandered
17%
well
17%
But
0%
No matching quizzes found
Score Distribution
Percent of People with Each Score
Percentile by Number Answered
Your Score History
You have not taken this quiz